Storia mondiale con la lettera D - Statistics

Statistiche generali
  • Questo quiz è stato fatto 442 volte
  • Il punteggio medio è 11 su 16
Statistiche sulle risposte
DOMANDA RISPOSTA % Corretto
Padre dell'evoluzionismo Darwin
94%
Da molti considerato il più grande scrittore italiano Dante
93%
Soggetto artistico scolpito sia da Michelangelo che da Donatello David
90%
La più famosa opera di Boccaccio Decameron
90%
Fu sposa del principe Carlo Diana
85%
Luogo in cui si poteva avere un oracolo da Apollo Delfi
71%
Primo stato degli Usa Delaware
70%
Primo animale estinto a causa dell'uomo Dodo
69%
Nome in codice dello sbarco in Normandia D-Day
67%
Regione coincidente all'odierna Romania conquistato da Traiano Dacia
65%
L'imperatore romano della tetrarchia Diocleziano
58%
La sfarzosa residenza fatta erigere da Nerone Domus Aurea
54%
Insieme al Menhir nell'architettura megalitica Dolmen
51%
Famoso pittore che designò il logo dei Chupa Chups Dalì
50%
Capitale del Califfato Umayyade Damasco
40%
Evacuazione strategica degli Alleati nel 1940 Dunkirk/Dunkerque
24%
Nessun quiz corrispondente trovato
Distribuzione punteggi
Percentuale di utenti per punteggio
Percentile per numero di risposta
I tuoi punteggi nel tempo
Non hai fatto questo quiz